Los placeres del autoerotismo / (Registro nro. 11406)

Detalles MARC
000 -LIDER
fixed length control field 00741nam a22002657a 4500
001 - NÚMERO DE CONTROL
Identificador de número de control
003 - IDENTIFICACDOR DE NÚMERO DE CONTROL
control field DO-SdBNP
005 - DATE AND TIME OF LATEST TRANSACTION
control field 20230228124106.0
007 - CAMPOS FIJOS DE DESCRIPCIÓN FÍSICA
fixed length control field 001247
008 - ELEMENTOS DE LONGITUD FIJA
fixed length control field 160915b 2001 mx ||| 00| 0 spa d
020 ## - ISBN
International Standard Book Number 9681908139
040 ## - FUENTE DE CATALOGACIÓN
Agencia que crea de manera original el registro BPMSU
Idioma de catalogación spa
Agencia que realiza la transcripción BPMSU
082 #4 - NÚMERO DE CLASIFICACIÓN DECIMAL DE DEWEY
Classification number 306.772
Item number R877p 2001
Edition number 22
100 1# - ASIENTO PRINCIPAL -- NOMBRE PERSONAL
Nombre personal Towan, Edward L.
245 14 - MENCIÓN DE TITULO
Título Los placeres del autoerotismo /
Mención de responsabilidad Edward L. Rowan ; traductora Eunice Cortés
260 ## - PUBLICACIÓN, DISTRIBUCIÓN, ETC. (PIE DE IMPRENTA)
Lugar de publicación, distribución, etc México :
Nombre del editor, distribuidor, etc. Alamah,
Fecha de publicación, distribución, etc 2001
300 ## - DESCRIPCIÓN FÍSICA
Extensión 265 p. ;
Otros detalles físicos 23 cm.
504 ## - NOTA DE BIBLIOGRAFÍA, ETC.
Bibliography, etc Bibliografía : 255-265 p.
590 ## - NOTA LOCAL
Enlace Inventariado, 2023/VM
650 #4 - ENCABEZAMIENTO DE MATERIA--TEMÁTICO
Término temático o nombre geográfico como elemento de entrada Masturbación
650 #4 - ENCABEZAMIENTO DE MATERIA--TEMÁTICO
Término temático o nombre geográfico como elemento de entrada Placer
700 1# - ASIENTO SECUNDARIO -- NOMBRE PERSONAL
Nombre personal Cortés, Eunice
Mención de responsabilidad tr.
910 ## - VALIDACIÓN
Validación VMateo V. Control de calidad (BPMSU)
942 ## - ADDED ENTRY ELEMENTS (KOHA)
Source of classification or shelving scheme Dewey Decimal Classification
Koha item type Libros
Existencias
Withdrawn status Lost status Source of classification or shelving scheme Damaged status Not for loan Collection code Home library Current library Date acquired Source of acquisition Full call number Barcode Date last seen Price effective from Koha item type Copy number
    Dewey Decimal Classification     Colección General Biblioteca Pública Metropolitana Salomé Ureña Biblioteca Pública Metropolitana Salomé Ureña 09/15/2016 ALFAGUARA BPMSU CG 306.772 R877p 2001 BPMSU16090337 09/15/2016 09/15/2016 Libros  
    Dewey Decimal Classification     Colección General Biblioteca Pública Metropolitana Salomé Ureña Biblioteca Pública Metropolitana Salomé Ureña 09/15/2016 ALFAGUARA BPMSU CG 306.772 R877p 2001 BPMSU16090338 09/15/2016 09/15/2016 Libros e.2
    Dewey Decimal Classification     Colección General Biblioteca Pública Metropolitana Salomé Ureña Biblioteca Pública Metropolitana Salomé Ureña 09/15/2016 ALFAGUARA BPMSU CG 306.772 R877p 2001 BPMSU16090339 09/15/2016 09/15/2016 Libros e.3